[Event "SRI-chB (Women)"]
[Site "Colombo"]
[Date "2016.03.19"]
[Round "6"]
[White "Weerasinghe, Asani Sankalpana"]
[Black "Koswattha, KWDMDI"]
[Result "0-1"]
[WhiteElo "1434"]
[BlackElo "1496"]
[PlyCount "152"]
[EventDate "2016.03.12"]
[EventType "swiss"]
[EventRounds "10"]
[EventCountry "SRI"]
[SourceTitle "CBM 171 Extra"]
[Source "ChessBase"]
[SourceDate "2016.04.26"]
[SourceVersion "1"]
[SourceVersionDate "2016.04.26"]
[SourceQuality "1"]

1. e4 e6 2. d4 d5 3. exd5 exd5 4. c4 c6 5. h3 Nf6 6. Nf3 h6 7. Be2 Bb4+ 8. Bd2 Bxd2+ 9. Qxd2 0-0 10. 0-0 Be6 11. c5 Ne4 12. Qf4 Nd7 13. Bd3 Qf6 14. Qxf6 Ndxf6 15. Ne5 Nd7 16. Nxd7 Bxd7 17. Bxe4 dxe4 18. Nc3 f5 19. Rad1 Be6 20. f4 Rad8 21. Rfe1 Bd5 22. Re3 Rf7 23. b4 a6 24. a4 Rfd7 25. g4 g6 26. Ne2 Be6 27. gxf5 gxf5 28. Rc3 Bf7 29. Kf2 Bh5 30. Rg1+ Kh7 31. Ng3 Bg6 32. h4 h5 33. Ne2 Rg7 34. Rcg3 Rdg8 35. Nc3 Bf7 36. Rg5 Rxg5 37. hxg5 Kg6 38. b5 Bc4 39. bxc6 bxc6 40. Rb1 h4 41. Kg2 Rd8 42. Rb6 Rxd4 43. Rxc6+ Kh5 44. Rh6+ Kg4 45. Rd6 Rd3 46. Rxd3 exd3 47. g6 Kh5 48. g7 Kg6 49. Kh3 Kxg7 50. Kxh4 d2 51. Kg3 Kf6 52. Kf3 Bb3 53. Ke2 d1Q+ 54. Nxd1 Bxd1+ 55. Kxd1 Ke6 56. c6 Kd6 57. c7 Kxc7 58. Kd2 Kc6 59. Kc2 Kd5 60. Kb3 a5 61. Kc3 Ke4 62. Kc4 Kxf4 63. Kb5 Ke3 64. Kxa5 f4 65. Kb5 f3 66. a5 f2 67. a6 f1Q+ 68. Kb6 Qf6+ 69. Kb7 Qe7+ 70. Kb6 Qe4 71. Ka7 Qc6 72. Kb8 Qxa6 73. Kc7 Kd4 74. Kb8 Kd5 75. Kc7 Qd6+ 76. Kc8 Qe7 0-1